Эпидермис - слоисто-периодическая биоструктура со свойствами фотонных кристаллов (Запись № 11319015)
[ простой вид ]
| 000 -МАРКЕР | |
|---|---|
| контрольное поле | 02202nam0a2200373 4500 |
| 001 - ИДЕНТИФИКАТОР ЗАПИСИ | |
| контрольное поле | RU\NLR\BIBL_A\011983119 |
| 005 - ИДЕНТИФИКАТОР ВЕРСИИ | |
| контрольное поле | 20260607075338.0 |
| 010 ## - МЕЖДУНАРОДНЫЙ СТАНДАРТНЫЙ НОМЕР КНИГИ (ISBN) | |
| Номер (ISBN) | 978-5-00149-038-8 |
| Тираж | 40 |
| 021 ## - НОМЕР ГОСУДАРСТВЕННОЙ РЕГИСТРАЦИИ | |
| Код страны | Российская Федерация |
| Номер | КН-П-19-018845 |
| Номер Листа государственной регистраци | КН-П-19-1415 |
| 035 ## - ДРУГИЕ СИСТЕМНЫЕ НОМЕРА | |
| Идентификатор записи | (NLR Aleph) 011983119 |
| 035 ## - ДРУГИЕ СИСТЕМНЫЕ НОМЕРА | |
| Идентификатор записи | (RuMoRGB)009922778 |
| 100 ## - ДАННЫЕ ОБЩЕЙ ОБРАБОТКИ | |
| Данные общей обработки | 20190408d2019 k y0rusy50 ca |
| 101 0# - ЯЗЫК РЕСУРСА | |
| Язык текста, звукозаписи и т.д. | русский |
| 102 ## - СТРАНА ПУБЛИКАЦИИ ИЛИ ПРОИЗВОДСТВА | |
| Страна публикации | Российская Федерация |
| 105 ## - ПОЛЕ КОДИРОВАННЫХ ДАННЫХ: ТЕКСТОВЫЕ МАТЕРИАЛЫ, МОНОГРАФИЧЕСКИЕ | |
| Кодированные данные о монографическом текстовом документе | ac||z|||000zy |
| 200 1# - ЗАГЛАВИЕ И СВЕДЕНИЯ ОБ ОТВЕТСТВЕННОСТИ | |
| Основное заглавие | Эпидермис - слоисто-периодическая биоструктура со свойствами фотонных кристаллов |
| Параллельное заглавие | Epidermis - layered periodic biostructure with properties of photonic crystals |
| Сведения, относящиеся к заглавию | коллективная монография |
| Первые сведения об ответственности | Кубасов В.А., Никитюк И.Е., Петраш В.В., Ворошилов (Штрупп) Б.М. |
| Язык параллельного заглавия | английский |
| 210 ## - ПУБЛИКАЦИЯ, РАСПРОСТРАНЕНИЕ И ДР. | |
| Место издания, распространения и т.д. | Москва |
| Имя издателя, распространителя и т. д. | Эдитус |
| Дата издания, распространения и т.д. | 2019 |
| 215 ## - ФИЗИЧЕСКАЯ ХАРАКТЕРИСТИКА | |
| Специфическое обозначение материала и объем | 233, [2] с. |
| Другие сведения о физической характеристике | ил., портр., табл. |
| Размеры | 22 |
| 300 ## - ОБЩИЕ ПРИМЕЧАНИЯ | |
| Текст примечания | На с. 11-13 авт.: Кубасов В.А., к.ф.-м.н., Никитюк И.Е., к.м.н., Петраш В.В., д.б.н., акад. Рос. акад. естествознания, засл. изобретатель Рос. Федерации, Ворошилов (Штрупп) Б.М., врач |
| 320 ## - ПРИМЕЧАНИЯ О НАЛИЧИИ В ДОКУМЕНТЕ БИБЛИОГРАФИИ / УКАЗАТЕЛЯ | |
| Текст примечания | Библиогр. в конце кн. (136 назв.) и в тексте |
| 510 1# - ПАРАЛЛЕЛЬНОЕ ЗАГЛАВИЕ | |
| Параллельное заглавие | Epidermis - layered periodic biostructure with properties of photonic crystals |
| Язык заглавия | английский |
| 606 1# - НАИМЕНОВАНИЕ ТЕМЫ КАК ПРЕДМЕТ | |
| Наименование темы | Эпидермис |
| Тематический подзаголовок | Биофизика |
| Системный номер авторитетной/нормативной записи | 2409020 |
| Идентификатор авторитетной/нормативной записи | RU\NLR\AUTH\6601654705 |
| 686 1# - ИНДЕКСЫ ДРУГИХ КЛАССИФИКАЦИЙ | |
| Индекс | Е942.3 |
| 701 #1 - ИМЯ ЛИЦА - АЛЬТЕРНАТИВНАЯ ОТВЕТСТВЕННОСТЬ | |
| Начальный элемент ввода | Кубасов |
| Часть имени, кроме начального элемента ввода | В. А. |
| Даты | 1949- |
| Расширение инициалов личного имени | Виталий Анатольевич |
| 701 #1 - ИМЯ ЛИЦА - АЛЬТЕРНАТИВНАЯ ОТВЕТСТВЕННОСТЬ | |
| Начальный элемент ввода | Никитюк |
| Часть имени, кроме начального элемента ввода | И. Е. |
| Даты | 1962- |
| Расширение инициалов личного имени | Игорь Евгеньевич |
| 701 #1 - ИМЯ ЛИЦА - АЛЬТЕРНАТИВНАЯ ОТВЕТСТВЕННОСТЬ | |
| Графика поля | Кириллица |
| Материалы, к которым относится поле | rus |
| Начальный элемент ввода | Петраш |
| Часть имени, кроме начального элемента ввода | В. В. |
| Даты | 1945- |
| Расширение инициалов личного имени | Владимир Валентинович |
| Идентификатор авторитетной/нормативной записи | RU\NLR\AUTH\770218852 |
| Системный номер авторитетной/нормативной записи | 218796 |
| 701 #1 - ИМЯ ЛИЦА - АЛЬТЕРНАТИВНАЯ ОТВЕТСТВЕННОСТЬ | |
| Графика поля | Кириллица |
| Материалы, к которым относится поле | rus |
| Начальный элемент ввода | Ворошилов |
| Часть имени, кроме начального элемента ввода | Б. М. |
| Даты | 1931-2015 |
| Расширение инициалов личного имени | Будимир Маркович |
| Системный номер авторитетной/нормативной записи | 2642922 |
| Идентификатор авторитетной/нормативной записи | RU\NLR\AUTH\770273104 |
| 942 ## - ДОПОЛНИТЕЛЬНЫЕ ЭЛЕМЕНТЫ ЗАПИСИ (АБИС) | |
| Тип экземпляра АБИС | Книга |
| 980 ## - КОЛЛЕКЦИЯ | |
| Название коллекции | НБР |
| 980 ## - КОЛЛЕКЦИЯ | |
| Название коллекции | Национальная библиография |
Нет доступных экземпляров.